Frommer's Beijing / (Record no. 283282)
[ view plain ]
| 000 -LEADER | |
|---|---|
| fixed length control field | 00409nam a2200133Ia 4500 |
| 008 - FIXED-LENGTH DATA ELEMENTS--GENERAL INFORMATION | |
| fixed length control field | 150223s9999 xx 000 0 und d |
| 020 ## - INTERNATIONAL STANDARD BOOK NUMBER | |
| International Standard Book Number | 9780470525661 |
| 050 ## - LIBRARY OF CONGRESS CALL NUMBER | |
| Classification number | DS 701 |
| Item number | .P534 2010 |
| 100 ## - MAIN ENTRY--PERSONAL NAME | |
| Personal name | Pham, Sherisse. |
| 245 ## - TITLE STATEMENT | |
| Title | Frommer's Beijing / |
| Statement of responsibility, etc | Sherisse Pham. |
| 260 ## - PUBLICATION, DISTRIBUTION, ETC. (IMPRINT) | |
| Place of publication, distribution, etc | Hobboken : |
| Name of publisher, distributor, etc | Wiley Publishing, Inc. |
| Date of publication, distribution, etc | 2010 |
| 300 ## - PHYSICAL DESCRIPTION | |
| Extent | 248 pages : |
| Other physical details | Colored, Illustration ; |
| Dimensions | 20 cm. |
| 504 ## - BIBLIOGRAPHY, ETC. NOTE | |
| Bibliography, etc | Includes Index. |
No items available.